Word Ladder: Hidden Theme Quiz Stats

 Plays Quiz not verified by Sporcle

Challenge
Share
Tweet
Embed
Score 0/24 Timer 04:00
0 Plays Today
Hint Answer % Correct
Pea, Trench and ParkaCOAT
95.7%
To Prepare Food by HeatingCOOK
95.7%
*2001 War Film Starring Josh Hartnett - 'Black ____ Down'**HAWK*
95.7%
'To Chop' or 'To Access a Computer Fraudulently'HACK
95.7%
The Covering of a TreeBARK
95.7%
*Tower Shaped Chess Piece**ROOK*
93.6%
Sedimentary, Igneous and MetamorphicROCK
93.6%
2006 Amy Winehouse Hit - '____ to Black'BACK
93.6%
William Shakespeare's Nickname 'The ____'BARD
93.6%
*To Talk Easily and Informally**CHAT*
91.5%
Guys and Dolls Number - '____ Be a Lady'LUCK
91.5%
Most Widely Distributed Species of OwlBARN
91.5%
Hint Answer % Correct
*A Silly or Foolish Person**COOT*
89.4%
*Something Done for Fun, Mischievous**LARK*
89.4%
'To Listen'HARK
89.4%
*A Rug or Carpet with a Deep, Rough Pile**SHAG*
87.2%
'To Skulk'LURK
87.2%
Past Tense Meaning 'To Excrete' (Vulgar Slang)SHAT
85.1%
*'To Crouch'**DUCK*
85.1%
*'Penis' (Vulgar Slang)**COCK*
83%
*What Each Asterisked Answer Is**BIRD*
80.9%
Leaf Believed to Alleviate Nettle StingsDOCK
78.7%
An Adult Goody Bag Usually Filled with Promotional Products, ____ BagSWAG
76.6%
*One's Last Work, '____ Song'**SWAN*
72.3%

You're not logged in!

Compare scores with friends on all Sporcle quizzes.
OR
Log In

You Might Also Like...

Show Comments

Extras

Top Quizzes Today


Score Distribution

Your Account Isn't Verified!

In order to create a playlist on Sporcle, you need to verify the email address you used during registration. Go to your Sporcle Settings to finish the process.

Report this User

Report this user for behavior that violates our Community Guidelines.

Details: